Statistics for Blackpool Premier League Players

Click here to take the quiz!

General Stats

  • This quiz has been taken 139 times
  • The average score is 10 of 30

Answer Stats

The Tangerines% Correct
Charlie Adam
99%
DJ Campbell
69%
Gary Taylor-Fletcher
62%
Ian Evatt
51%
Matthew Gilks
48%
Brett Ormerod
45%
Alex Baptiste
41%
Stephen Crainey
38%
Craig Cathcart
37%
Keith Southern
36%
David Vaughan
35%
Luke Varney
35%
Marlon Harewood
35%
Neal Eardley
34%
Elliot Grandin
33%
Matt Phillips
33%
Richard Kingson
33%
Paul Rachubka
26%
James Beattie
25%
Chris Basham
24%
Jason Puncheon
22%
Ludovic Sylvestre
21%
Andy Reid
20%
David Carney
20%
Jason Euell
19%
Mark Halstead
18%
Sergei Kornilenko
17%
Ishmel Demontagnac
15%
Rob Edwards
15%
Dekel Keinan
12%

Score Distribution

Percentile by Number Answered

Percent of People with Each Score

Your Score History

You have not taken this quiz